1296 1821 1750 1282 1871 1570 1367 1746 1683 1708 1211 1474 1119 1905 1257 1249 1903 1890 1795 1111 1682 1031 1248 1946 1391 1136 1868 1689 1707 1783 1635 1517 1102 1190 1577 1561 1984 1308 1370 1163 1908 1363 1911 1761 1646 1582 1576 1818 1504 1574 1311 1341 1729 1527 1903 1861 1990 1585 1276 1518 1890 1201 1197 1142 1028 1784 1852 1634 1773 1680 1851 1486 1765 1741 1416 1962 1357 1770 1183 1256 1629 1551 1164 1061 1346 1613 1282 1036 1168 1086 1035 1889 1210 1948 1571 1605 1243 1681 1341 BCNSPRNW ULIB Ver.6.0+V

เปลี่ยนเป็นภาษาไทย

Change to English
 แสดงรายละเอียดบรรณานุกรม
  กลับหน้าหลัก

Brief Record : Get Marc (ISO 2709) : E-mail record : QR code < ปิดหน้าต่าง
LEADER : 00000nam 2200000uu 4500
001    13399122559
003     ULIB
008    130731s2552||||th 000 0 tha d
099    ^aวจ.WM172^bป446ศ
100 0  ^aปราณี ศรีสรรพพางค์
245 00 ^aศึกษาความสัมพันธ์ระหว่างความเครียดและการปรับตัวในการสอบขึ้นทะเบียน เพื่อรับใบประกอบวิชาชีพจากสภาการพยาบาล/^cปราณี ศรีสรรพพางค์
260    ^aนครสวรรค์ :^bวิทยาลัยพยาบาลบรมราชชนนี สวรรค์ประชารักษ์ นครสวรรค์,^c2552
300    ^a109 หน้า
650  7 ^aวิทยาลัยพยาบาลบรมราชชนนี สวรรค์ประชารักษ์ นครสวรรค์
650  7 ^aวิชาชีพพยาบาล
945    ^p0^l0^i20007
995    ^aทศพร
999    ^aทศพร เกษรทอง
รายการนี้ยังไม่มีแท็ก
คุณยังไม่ได้ล็อกอิน คุณสามารถมีกิจกรรมร่วมกับเว็บไซต์ได้ แต่ต้องล็อกอินก่อน ::
  ล็อกอิน

รายการสื่อสารสนเทศ

ลำดับที่ ประเภท เลขเรียก/บาร์โค้ด สถานที่ สถานะ
1. งานวิจัย
งานวิจัย
วจ.WM172 ป446ศ ฉ.1 
  Barcode: 20007
ห้องสมุดวิทยาเขตสวรรค์ประชารักษ์
►วิจัย
บนชั้น

รายการใกล้เคียง
    ผู้แต่ง [ปราณี ศรีสรรพพางค์]

    หัวเรื่อง [วิทยาลัยพยาบาลบรมราชชนนี สวรรค์ประชารักษ์ นครสวรรค์]
    หัวเรื่อง [วิชาชีพพยาบาล]

BibComment


ยังไม่เคยถูกคอมเมนท์

คอมเมนท์ทรัพยากรรายการนี้
  คอมเมนท์: ศึกษาความสัมพันธ..


 Copyright 2026. Bcnsprnw @Library